000 00777nam a22002657a 4500
001 BR8203851
003 BR-BrBNA
005 20230928091355.0
007 ta
008 230509b bl.||||| |||| 00| 0 por d
040 _aBR-BrBNA
_bpor
_cBiblioteca Nacional de Agricultura
041 _a(Por)
072 _aP05
_b8961
_b/G514
090 _ 8961 BR8203851
100 1 _aMarques, M.J.
110 1 _aComissao Executiva Nacional do Alcool, Brasilia, DF (Brasil)
_92156
245 1 _aO PROALCOOL no quadro energetico brasileiro [Programa Nacional do Alcool]
260 3 _aBrasilia, DF (Brasil):
_c1982.
300 _a19 p.
650 _aALCOOL
650 _aRECURSO ENERGETICO
650 _aPOLITICA GOVERNAMENTAL
909 _a202309
_bLucia
_c55
_dLucia Elande
942 _cBK
999 _c33608
_d33608